| 000 | 02712nam0a2200349 4500 | ||
|---|---|---|---|
| 001 | RU\NLR\BIBL_A\022662528 | ||
| 005 | 20260409080108.0 | ||
| 010 |
_a978-5-7677-3930-1 _9350 |
||
| 035 | _a(NLR Aleph) 022662528 | ||
| 090 |
_a13539313 _c13539313 |
||
| 100 | _a20251110d2025 k y0rusy50 ca | ||
| 101 | 0 |
_arus _deng |
|
| 102 | _aRU | ||
| 105 | _aa z 100yy | ||
| 181 | 0 |
_ai3 _baxxe |
|
| 182 | 0 | _an | |
| 200 | 1 |
_aНовые компетенции цифровой реальности _eтеория и практика их развития у обучающихся _eсборник докладов и научных статей VI Всероссийской научно-практической конференции, 24-25 марта 2025 года _fМинистерство науки и высшего образования Российской Федерации, Федеральное государственное бюджетное образовательное учреждение высшего образования "Чувашский государственный университет имени И. Н. Ульянова" _gредакционная коллегия: ... канд. физ.-мат. наук, доцент Т. Н. Смирнова (отв. редактор) [и др.] |
|
| 203 |
_aТекст _bвизуальный _cнепосредственный |
||
| 210 |
_aЧебоксары _cЧувашский государственный университет им. И. Н. Ульянова _d2025 |
||
| 215 |
_a423 с. _cил., табл. _d20 |
||
| 300 | _aРез. англ. | ||
| 320 | _aБиблиогр. в конце ст. | ||
| 606 |
_aОбразование _xИнформационные технологии _jСъезды, совещания и т.п _3RU\NLR\AUTH\661575610 _92103593 |
||
| 686 | 1 | _aЧ312.31я431 | |
| 702 | 1 |
_4340 _8rus _7ca _aСмирнова _bТ. Н. _cканд. физ.-мат. наук, информатика _f1972- _gТатьяна Николаевна _3RU\NLR\AUTH\7739675 _922659 |
|
| 711 | 1 | 2 |
_a"Новые компетенции цифровой реальности. Теория и практика их развития у обучающихся", всероссийская научно-практическая конференция _d6 _f2025 _eЧебоксары _3RU\NLR\AUTH\880634818 _92686052 |
| 712 | 0 | 2 |
_4557 _aЧувашский государственный университет им. И. Н. Ульянова _cЧебоксары _3RU\NLR\AUTH\8814249 _9301657 |
| 942 | _cBOOK | ||
| 980 | _aNB | ||